00282 a2200097 450000500170000002000180001710000160003524500530005126000350010430000450013920250628193836.0 a9781529731798 aFLAHERTY, C aDeveloping Academic Skills for Nursing Associate aLondonbLearning Mattersc2021 ax, 162p.: ill; picturesbReferencec22cm